000
00222 a2200097 4500
100
_a
Gilsenan, M
245
_a
Recognizing of Islam
260
_a
London
_b
Crrom Helm
_c
090
_c
11336
_d
11336
942
_a
NUST-CAE
_c
M
_c
1488
999
_c
370889
_d
370889